Sports Quiz

Random Sports or NFL Quiz

NFL Franchise Rushing Leaders Quiz Stats

 Plays Quiz Updated Mar 8, 2018

Challenge
Share
Tweet
Embed
Score 0/160 Timer 12:00
0 Plays Today
% Correct
Emmitt Smith
93.2%
Emmitt Smith
93.2%
Emmitt Smith
93.1%
Adrian Peterson
89.7%
Adrian Peterson
89.5%
Adrian Peterson
89.5%
Adrian Peterson
88.4%
Barry Sanders
86.8%
Barry Sanders
86.8%
Barry Sanders
86.8%
Barry Sanders
86.8%
Ezekiel Elliott
85.1%
Walter Payton
83.4%
Walter Payton
83.4%
Walter Payton
83.4%
Walter Payton
83.4%
Chris Johnson
83%
Jim Brown
82.9%
Jim Brown
82.9%
Jim Brown
82.8%
Jim Brown
82.8%
LaDainian Tomlinson
82.7%
LaDainian Tomlinson
82.7%
Larry Johnson
82.7%
LaDainian Tomlinson
82.7%
LaDainian Tomlinson
82.7%
Pete Johnson
82.4%
Johnny Johnson
82.4%
DeAngelo Williams
81.9%
Ricky Williams
81.8%
Jonathan Stewart
81.4%
Ricky Williams
80.3%
Jonathan Stewart
78.2%
Cam Newton
77.5%
Donald Brown & Tom Matte
76.9%
Terrell Davis
76.4%
Terrell Davis
76.4%
Terrell Davis
76.4%
Arian Foster
76.3%
Arian Foster
76.3%
Arian Foster
76.2%
Arian Foster
76.2%
Stephen Davis
75.8%
Edgerrin James
74.1%
Edgerrin James
74.1%
Edgerrin James
74.1%
Edgerrin James
74.1%
Leonard Fournette
73.9%
Doug Martin
73.8%
Curtis Martin
73.5%
Curtis Martin
73.5%
Frank Gore
73.5%
Curtis Martin
73.5%
Curtis Martin
73.5%
% Correct
Curtis Martin
73.5%
Bo Jackson
73.1%
Steven Jackson
72.9%
Jamal Lewis
72.8%
Jamal Lewis
72.8%
Jamal Lewis
72.8%
Jamal Lewis & Le'Ron McClain
72.8%
Jamal Lewis
72.8%
Shaun Alexander
72.3%
Shaun Alexander
72.3%
Shaun Alexander
72.3%
Shaun Alexander
72.3%
Shaun Alexander
72.3%
Steven Jackson
71.8%
Frank Gore
71.7%
Fred Taylor
70.9%
Fred Taylor
70.9%
Fred Taylor
70.9%
Tiki Barber
70.6%
Tiki Barber
70.6%
Tiki Barber
70.6%
Tiki Barber
70.6%
Jim Taylor
70.2%
Chester Taylor
70.1%
Marshall Faulk
70%
Doug Martin
69.9%
Thurman Thomas
67%
Thurman Thomas
67%
Thurman Thomas
67%
Ahman Green
64.7%
Ahman Green
64.7%
Ahman Green
64.7%
Ahman Green
64.7%
Jamaal Charles
63.9%
Eric Dickerson
63.4%
Priest Holmes
63.3%
Priest Holmes
63.3%
Franco Harris
62.8%
Franco Harris
62.8%
Franco Harris
62.8%
Maurice Jones-Drew
62.3%
LeSean McCoy
61.9%
Ottis Anderson
61.2%
Ottis Anderson
61.2%
Ottis Anderson
61.2%
Ottis Anderson
61.2%
Jamaal Charles
59.5%
Eddie George
58.9%
Eddie George
58.9%
Le'Veon Bell
58.2%
Marcus Allen
58.2%
Marcus Allen
58.2%
Marcus Allen
58.2%
Corey Dillon
57.6%
% Correct
Corey Dillon
57.6%
Corey Dillon
57.6%
Warrick Dunn
56.7%
Corey Dillon
56.5%
O.J. Simpson
53.3%
O.J. Simpson
53.3%
Clinton Portis
50.1%
Clinton Portis
50.1%
John Riggins
49.5%
John Riggins
49.5%
John Riggins
49.5%
Deuce McAllister
47.7%
Deuce McAllister
47.7%
Deuce McAllister
47.7%
Michael Turner
44.1%
Larry Csonka
42.2%
Larry Csonka
42.1%
Michael Turner
41.6%
Tony Dorsett
39.6%
Earl Campbell
37.4%
Mike Alstott
37.3%
Earl Campbell
35.2%
Lamar Miller
34.7%
Brandon Jacobs
34.1%
Ricky Watters
31.1%
Garrison Hearst
27.7%
Garrison Hearst
25.7%
Sam Cunningham
21.3%
Sam Cunningham
21.3%
Gerald Riggs
19.8%
Gerald Riggs
19.8%
Herschel Walker
18.8%
Wilbert Montgomery
15.1%
Billy Wells
14.2%
Terrelle Pryor
13.3%
James Wilder
11.7%
James Wilder
11.7%
George Rogers
10.6%
George Rogers
10.6%
Justin Forsett
8.7%
Joe Perry
8%
Kenny Washington
7.4%
Steve van Buren
6.7%
Bobby Mitchell
6.3%
Jim Nance
6.1%
John David Crow
5%
Paul Lowe & Melvin Gordon
3.2%
Larry Garron
0.7%
Bob Gage
0.6%
Bill Osmanski
0.6%
Gene Mingo
0.5%
Bob Hoernschemeyer
0.5%

You're not logged in!

Compare scores with friends on all Sporcle quizzes.
OR
Log In

You Might Also Like...

Show Comments

Extras

Top Quizzes Today


Score Distribution

Your Account Isn't Verified!

In order to create a playlist on Sporcle, you need to verify the email address you used during registration. Go to your Sporcle Settings to finish the process.

Report this User

Report this user for behavior that violates our Community Guidelines.

Details: